Ley de justicia para adolescentes del Estado de Oaxaca

Bibliographic Details
Format: eBook
Language:Spanish
Published: Jurd̕ica de las Americas, 2013 Mx̌ico D.F:
Subjects:
Online Access:Acceso restringido

MARC

LEADER 00000nam a22000007a 4500
005 20130710155018.0
007 cr|||| ||||
008 130710s2013 mx |||||s|||| 00||0 spa d
035 |a 11354 
040 |a vLex 
090 |c 4409  |d 4409 
245 0 3 |a Ley de justicia para adolescentes del Estado de Oaxaca  |h [Recurso electrn̤ico] 
256 |a Servicio en ln̕ea 
260 |c Mx̌ico D.F:  |a Jurd̕ica de las Americas,  |b 2013 
300 |a 1 recurso electrn̤ico 
506 1 |a Contenido solo disponible en los productos indicados  |d vLex Global  |d vLex Global (Academic Edition, excluding Law Schools)  |d vLex Global (U.S. Academic Edition, Law Schools)  |d vLex Global (U.S. Academic Edition, excluding Law Schools)  |d vLex Global (Academic Edition, Law Schools) 
650 0 4 |a Justicia  |z Mx̌ico 
650 0 4 |a Adolescentes  |z Mx̌ico 
740 0 |a vLex Libros (Servicio en ln̕ea) 
856 4 0 |u http://vlex.com/source/ley-justicia-adolescentes-estado-oaxaca-edicion-especial-estudiantes-11354  |z Acceso restringido 
942 |c BOOK 
999 0 |a Teenagers 
999 0 |a Justice